000 00768nam a2200277 i 4500
001 C2-0216437
003 PPAK
005 20180728105123.0
008 990523s1997 my |||| ||||| | may d
020 _a9839678930
040 _aPPAK
_beng
_cPPAK
_erda
082 0 4 _a899.233
_2 23
090 0 0 _a899.233
_bBAD
_dG
090 0 0 _a899.233
_bBAD
_dK
100 0 _aBadrul Risham Naruddin,
_eauthor
245 1 0 _aKenangan di Kuantan
264 1 _aPetaling Jaya, Selangor :
_bPustaka Murni ,
_c1997
300 _a81 pages ;
_c21 cm
336 _2rdacontent
_atext
337 _2rdamedia
_aunmediated
338 _2rdacarrier
_avolume
490 1 _aSiri Novel Rumahku Syurgaku
650 1 0 _aMalay fiction
830 0 _aSiri Novel Rumahku Syurgaku
942 _ddc
_cB
999 _c160075
_d160075